Managing teams / (Record no. 20607)

MARC details
000 -LEADER
fixed length control field 00689cam a22002295a 4500
001 - CONTROL NUMBER
control field 010727948
005 - DATE AND TIME OF LATEST TRANSACTION
control field 20160110121910.0
008 - FIXED-LENGTH DATA ELEMENTS--GENERAL INFORMATION
fixed length control field 010312s1998 enka fr 001 0 eng
020 ## - INTERNATIONAL STANDARD BOOK NUMBER
International Standard Book Number 0751306282
020 ## - INTERNATIONAL STANDARD BOOK NUMBER
International Standard Book Number 9780751306286
040 ## - CATALOGING SOURCE
Original cataloging agency UkOxU
Modifying agency Uk
-- EG-ScBUE
Language of cataloging eng
082 04 - DEWEY DECIMAL CLASSIFICATION NUMBER
Classification number 658.402
Edition number 22
Item number HEL
100 1# - MAIN ENTRY--PERSONAL NAME
Personal name Heller, Robert,
Dates associated with a name 1932-2012.
9 (RLIN) 38993
245 10 - TITLE STATEMENT
Title Managing teams /
Statement of responsibility, etc Robert Heller.
260 ## - PUBLICATION, DISTRIBUTION, ETC. (IMPRINT)
Place of publication, distribution, etc London :
Name of publisher, distributor, etc Dorling Kindersley,
Date of publication, distribution, etc 1998.
300 ## - PHYSICAL DESCRIPTION
Extent 72 p. :
Other physical details ill. (col) ;
Dimensions 18 cm.
490 0# - SERIES STATEMENT
Series statement Essential managers
500 ## - GENERAL NOTE
General note Index : p. 70-71
650 #7 - SUBJECT ADDED ENTRY--TOPICAL TERM
Topical term or geographic name as entry element Teams in the workplace
General subdivision Management.
Source of heading or term BUEsh
9 (RLIN) 4396
653 ## - INDEX TERM--UNCONTROLLED
Resource For college BAEPS, Business Administration
Arrived date list August2015
-- January2016
942 ## - ADDED ENTRY ELEMENTS (KOHA)
Source of classification or shelving scheme Dewey Decimal Classification
Holdings
Withdrawn status Lost status Source of classification or shelving scheme Damaged status Not for loan Koha collection Home library Current library Shelving location Date acquired Source of acquisition Cost, normal purchase price Serial Enumeration / chronology Total Checkouts Full call number Barcode Date last seen Cost, replacement price Koha item type
    Dewey Decimal Classification     Baccah Central Library Central Library First floor 19/08/2015 Purchase 64.00 21758   658.402 HEL 000039780 15/07/2025 81.25 Book - Borrowing